Fast Typing - Japan - Statistics

General Stats
  • This quiz has been taken 35 times
  • The average score is 14 of 15
Answer Stats
Japan % Correct
Japan
100%
Japan
100%
Japan
100%
Japan
96%
Japan
96%
Japan
96%
Japan
96%
Japan
96%
Japan
96%
Japan
96%
Japan
96%
Japan
96%
Japan
87%
Japan
87%
Japan
78%
No matching quizzes found
Score Distribution
Percent of People with Each Score
Percentile by Number Answered
Your Score History
You have not taken this quiz